[Event "Isthmia op 1st"]
[Site "Vrachati"]
[Date "2011.08.20"]
[Round "3"]
[White "Tsokopoulos, Dedalos"]
[Black "Kokolias, Konstantinos"]
[Result "1-0"]
[WhiteElo "1992"]
[BlackElo "2205"]
[PlyCount "73"]
[EventDate "2011.08.18"]
[EventType "swiss"]
[EventRounds "9"]
[EventCountry "GRE"]
[SourceTitle "CBM 144 Extra"]
[Source "ChessBase"]
[SourceDate "2011.10.28"]
[SourceVersion "1"]
[SourceVersionDate "2011.10.28"]
[SourceQuality "1"]

1. e4 e5 2. Nf3 Nc6 3. Bb5 a6 4. Ba4 Nf6 5. 0-0 Be7 6. Re1 b5 7. Bb3 d6 8. c3 0-0 9. h3 Na5 10. Bc2 c5 11. d4 Qc7 12. Nbd2 cxd4 13. cxd4 Bb7 14. Nf1 Rac8 15. Bb1 d5 16. dxe5 Nxe4 17. Qd3 Qxc1 18. Rxc1 Rxc1 19. N3d2 Nc4 20. Nxc4 bxc4 21. Qe3 Rd1 22. Qe2 Rc1 23. Kh2 d4 24. Bxe4 Rxa1 25. Bxb7 d3 26. Qe4 Rxf1 27. Qxc4 Rd8 28. Bd5 d2 29. Qxf1 Rxd5 30. Qd1 Bb4 31. a3 Ba5 32. b4 Bc7 33. f4 f6 34. exf6 Bxf4+ 35. g3 Bh6 36. Qe2 gxf6 37. Qe6+ 1-0

[Event "Isthmia op 1st"]
[Site "Vrachati"]
[Date "2011.08.18"]
[Round "1"]
[White "Tsokopoulos, Dedalos"]
[Black "Mastrovasilis, Athanasios"]
[Result "0-1"]
[WhiteElo "1992"]
[BlackElo "2537"]
[PlyCount "72"]
[EventDate "2011.08.18"]
[EventType "swiss"]
[EventRounds "9"]
[EventCountry "GRE"]
[SourceTitle "CBM 144 Extra"]
[Source "ChessBase"]
[SourceDate "2011.10.28"]
[SourceVersion "1"]
[SourceVersionDate "2011.10.28"]
[SourceQuality "1"]

1. e4 e5 2. Nf3 Nc6 3. Bb5 a6 4. Ba4 d6 5. 0-0 Bd7 6. c3 Nf6 7. Re1 Be7 8. Bc2 0-0 9. h3 h6 10. d4 Nh7 11. Nbd2 Ng5 12. d5 Nb8 13. Nxg5 Bxg5 14. Nf1 a5 15. Qh5 g6 16. Bxg5 Qxg5 17. Qxg5 hxg5 18. Ne3 Na6 19. g3 Kg7 20. Kg2 Rh8 21. Rh1 b5 22. Raf1 b4 23. c4 Nc5 24. f4 gxf4 25. gxf4 Rh4 26. Kg3 Rah8 27. f5 Nxe4+ 28. Bxe4 Rxe4 29. f6+ Kg8 30. Rf3 Rhh4 31. b3 Kh7 32. Ng2 Rh5 33. Ne3 g5 34. Nf5 Bxf5 35. Rxf5 Kg6 36. Rhf1 Reh4 0-1

[Event "GRE-ch U18/20"]
[Site "Peristeri"]
[Date "2011.01.06"]
[Round "6"]
[White "Tsokopoulos, Dedalos"]
[Black "Hrisomalis, Theodoros"]
[Result "0-1"]
[WhiteElo "1951"]
[BlackElo "2079"]
[PlyCount "116"]
[EventDate "2011.01.03"]
[EventType "swiss"]
[EventRounds "9"]
[EventCountry "GRE"]
[SourceTitle "CBM 140 Extra"]
[Source "ChessBase"]
[SourceDate "2011.03.01"]
[SourceVersion "1"]
[SourceVersionDate "2011.03.01"]
[SourceQuality "1"]

1. e4 e5 2. Nf3 Nc6 3. Bb5 a6 4. Ba4 Nf6 5. 0-0 Be7 6. Re1 b5 7. Bb3 d6 8. c3 0-0 9. h3 Na5 10. Bc2 c5 11. d4 Nd7 12. Nbd2 exd4 13. cxd4 Nc6 14. Nf1 Qc7 15. Ne3 Nb6 16. d5 Ne5 17. Nh2 Bf6 18. f4 Nec4 19. Nxc4 Nxc4 20. Rb1 Qe7 21. b3 Bd4+ 22. Kh1 Nb6 23. Nf3 Bf2 24. Rf1 Bg3 25. Qd3 f5 26. e5 Bb7 27. Ng1 Bh4 28. g3 Nxd5 29. Kh2 Nb4 30. Qd2 Nxc2 31. Qxc2 Be4 32. Qb2 dxe5 33. gxh4 Bxb1 34. Qxb1 e4 35. Be3 Rfd8 36. Rd1 Qxh4 37. Rxd8+ Rxd8 38. Qc1 Rc8 39. Ne2 c4 40. Qc3 Qd8 41. Qe5 Qf6 42. Kg3 c3 43. Qxf6 gxf6 44. Kf2 c2 45. Ke1 Rd8 46. Nc1 Rd1+ 47. Kf2 Kf7 48. b4 Ke6 49. Ne2 Kd5 50. Bc1 Kc4 51. Ba3 Rd3 52. Bb2 Kxb4 53. h4 h5 54. Ng3 Rd1 55. Ne2 a5 56. Nc1 a4 57. a3+ Kc4 58. Na2 Kb3 0-1

[Event "Nikaia op 18th"]
[Site "Nikaia"]
[Date "2010.08.26"]
[Round "8"]
[White "Tsokopoulos, Dedalos"]
[Black "Androni, Konstantina"]
[Result "1-0"]
[WhiteElo "1928"]
[BlackElo "1870"]
[PlyCount "63"]
[EventDate "2010.08.20"]
[EventType "swiss"]
[EventRounds "9"]
[EventCountry "GRE"]
[SourceTitle "CBM 138 Extra"]
[Source "ChessBase"]
[SourceDate "2010.10.29"]
[SourceVersion "1"]
[SourceVersionDate "2010.10.29"]
[SourceQuality "1"]

1. e4 c5 2. Nf3 Nc6 3. d4 cxd4 4. Nxd4 Nf6 5. Nc3 e5 6. Ndb5 d6 7. Bg5 a6 8. Na3 b5 9. Bxf6 gxf6 10. Nd5 f5 11. Bxb5 axb5 12. Nxb5 Qa5+ 13. c3 Kd8 14. Ndc7 Rb8 15. Qd5 Bd7 16. Qxf7 Be7 17. a4 Rb7 18. Qg7 Rf8 19. Nd5 Rxb5 20. Nxe7 Ke8 21. 0-0 Rxb2 22. Nd5 Qd8 23. Qxh7 Qg5 24. h4 Qd8 25. Qg6+ Rf7 26. Qxd6 Qxh4 27. g3 Qh8 28. Rab1 Rxb1 29. Rxb1 Na7 30. Nc7+ Kd8 31. Ne6+ Ke8 32. Rb8+ 1-0

[Event "Nikaia op 18th"]
[Site "Nikaia"]
[Date "2010.08.25"]
[Round "7"]
[White "Azis Azizis, Ektoras"]
[Black "Tsokopoulos, Dedalos"]
[Result "1-0"]
[WhiteElo "2120"]
[BlackElo "1928"]
[PlyCount "83"]
[EventDate "2010.08.20"]
[EventType "swiss"]
[EventRounds "9"]
[EventCountry "GRE"]
[SourceTitle "CBM 138 Extra"]
[Source "ChessBase"]
[SourceDate "2010.10.29"]
[SourceVersion "1"]
[SourceVersionDate "2010.10.29"]
[SourceQuality "1"]

1. e4 c5 2. Nc3 Nc6 3. g3 d6 4. Bg2 g6 5. d3 Bg7 6. f4 Nf6 7. Nf3 0-0 8. 0-0 Nd4 9. Nxd4 cxd4 10. Ne2 e5 11. h3 Qb6 12. Kh2 Bd7 13. c3 dxc3 14. bxc3 Rac8 15. a4 Qa6 16. Be3 Bc6 17. c4 Rfe8 18. f5 gxf5 19. Rxf5 Bd7 20. Rf1 Be6 21. Bg5 Nd7 22. Nc3 Nc5 23. Rf3 Qa5 24. Nb5 Qb6 25. a5 Qa6 26. Nc3 Rb8 27. g4 Qc6 28. Bf6 Qd7 29. Qd2 h6 30. Raf1 Nb3 31. Qf2 Nd4 32. Rg3 Bxf6 33. Qxf6 Qe7 34. Qxh6 Qf8 35. Qh4 Qg7 36. Rf6 Bd7 37. g5 Re6 38. Nd5 Ne2 39. Rgf3 Nd4 40. Rf2 Rf8 41. g6 Be8 42. Rxe6 1-0

[Event "Nikaia op 18th"]
[Site "Nikaia"]
[Date "2010.08.20"]
[Round "1"]
[White "Grigoriadis, Alexandros"]
[Black "Tsokopoulos, Dedalos"]
[Result "1-0"]
[WhiteElo "2330"]
[BlackElo "1928"]
[PlyCount "141"]
[EventDate "2010.08.20"]
[EventType "swiss"]
[EventRounds "9"]
[EventCountry "GRE"]
[SourceTitle "CBM 138 Extra"]
[Source "ChessBase"]
[SourceDate "2010.10.29"]
[SourceVersion "1"]
[SourceVersionDate "2010.10.29"]
[SourceQuality "1"]

1. c4 Nf6 2. Nf3 g6 3. Nc3 Bg7 4. g3 d5 5. cxd5 Nxd5 6. Bg2 0-0 7. 0-0 Nxc3 8. bxc3 c6 9. a4 e5 10. Ba3 Re8 11. d3 Be6 12. Rb1 Qc7 13. Ng5 Nd7 14. Nxe6 Rxe6 15. Qb3 Rb8 16. Qc4 Nb6 17. Qe4 Nd5 18. Rfc1 Qa5 19. c4 Nc3 20. Bb4 Qxb4 21. Rxb4 Nxe4 22. Bxe4 c5 23. Rb5 b6 24. Rcb1 Bf8 25. a5 Be7 26. Bd5 Rf6 27. h4 h6 28. f3 Kf8 29. Kf2 Ke8 30. Ke3 Kd7 31. Ke4 g5 32. h5 Kc7 33. axb6+ Rfxb6 34. Rxb6 Rxb6 35. Rxb6 Kxb6 36. Bxf7 Bd6 37. Be8 Ka5 38. Kd5 Bf8 39. Ke6 Kb4 40. Kf7 Bd6 41. e4 Kc3 42. Kg7 Kxd3 43. Kxh6 Bf8+ 44. Kxg5 Kxc4 45. Kg6 Kb4 46. Bf7 c4 47. Bxc4 Kxc4 48. g4 a5 49. g5 a4 50. h6 Bxh6 51. gxh6 a3 52. h7 a2 53. h8Q a1Q 54. Kf5 Qa3 55. Qg8+ Kd4 56. Qd5+ Ke3 57. Qxe5 Kxf3 58. Qf4+ Kg2 59. e5 Qf8+ 60. Kg5 Qg8+ 61. Kh5 Qh8+ 62. Kg4 Qc8+ 63. Qf5 Qg8+ 64. Qg5 Qe6+ 65. Kh4+ Kh1 66. Qf6 Qc4+ 67. Kg5 Qg8+ 68. Kh6 Qc8 69. e6 Kg2 70. e7 Kh3 71. Qf3+ 1-0

[Event "Nikaia op 16th"]
[Site "Nikaia"]
[Date "2008.08.30"]
[Round "6"]
[White "Tsokopoulos, Dedalos"]
[Black "Kordis, Konstantinos"]
[Result "0-1"]
[WhiteElo "1901"]
[BlackElo "2216"]
[PlyCount "80"]
[EventDate "2008.08.25"]
[EventType "swiss"]
[EventRounds "9"]
[EventCountry "GRE"]
[SourceTitle "CBM 126 Extra"]
[Source "ChessBase"]
[SourceDate "2008.11.05"]
[SourceVersion "1"]
[SourceVersionDate "2008.11.05"]
[SourceQuality "1"]

1. e4 c5 2. Nf3 d6 3. d4 cxd4 4. Nxd4 Nf6 5. Nc3 a6 6. f4 g6 7. Be2 Bg7 8. Be3 0-0 9. 0-0 Nc6 10. a4 Bd7 11. Kh1 Nxd4 12. Bxd4 Bc6 13. Bf3 Qa5 14. Ra3 e5 15. Be3 exf4 16. Bxf4 Rfe8 17. Re1 Rad8 18. Bg3 Nd7 19. h3 Ne5 20. Rb3 Nxf3 21. Qxf3 f5 22. Qd3 fxe4 23. Nxe4 d5 24. Nd2 Rxe1+ 25. Bxe1 Qxa4 26. Bg3 Qa1+ 27. Kh2 Qd1 28. c4 Bh6 29. Nf3 dxc4 30. Qxc4+ Bd5 31. Qh4 Bxb3 32. Qxh6 Qd7 33. Qg5 Rf8 34. Ne5 Qf5 35. Qe7 Bd5 36. Nd7 Rf7 37. Qe8+ Kg7 38. Be5+ Kh6 39. Nf6 Rxf6 40. Qe7 Qf2 0-1

[Event "Nikaia op 16th"]
[Site "Nikaia"]
[Date "2008.08.28"]
[Round "4"]
[White "Tsokopoulos, Dedalos"]
[Black "Dounis, Alexandros"]
[Result "0-1"]
[WhiteElo "1901"]
[BlackElo "2162"]
[PlyCount "52"]
[EventDate "2008.08.25"]
[EventType "swiss"]
[EventRounds "9"]
[EventCountry "GRE"]
[SourceTitle "CBM 126 Extra"]
[Source "ChessBase"]
[SourceDate "2008.11.05"]
[SourceVersion "1"]
[SourceVersionDate "2008.11.05"]
[SourceQuality "1"]

1. Nf3 Nf6 2. g3 g6 3. Bg2 Bg7 4. d3 d5 5. 0-0 0-0 6. c4 Nc6 7. a3 dxc4 8. dxc4 Qxd1 9. Rxd1 Be6 10. Nbd2 Rfd8 11. b3 Ne4 12. Rb1 Nc3 13. Bb2 Nxb1 14. Rxb1 Bf5 15. e4 Bg4 16. Bxg7 Kxg7 17. b4 Bxf3 18. Nxf3 Rd3 19. Kf1 Rad8 20. Ke2 Rxa3 21. c5 Nd4+ 22. Nxd4 Rxd4 23. b5 Rc4 24. b6 axb6 25. cxb6 cxb6 26. Rxb6 Rc2+ 0-1

[Event "Attica-ch U16"]
[Site "Athens"]
[Date "2008.01.06"]
[Round "6"]
[White "Mavrikakis, Georgios"]
[Black "Tsokopoulos, Dedalos"]
[Result "0-1"]
[WhiteElo "1585"]
[BlackElo "1665"]
[PlyCount "64"]
[EventDate "2008.01.02"]
[EventType "swiss"]
[EventRounds "7"]
[EventCountry "GRE"]
[SourceTitle "EXT 2011"]
[Source "ChessBase"]
[SourceDate "2010.11.26"]
[SourceVersion "1"]
[SourceVersionDate "2010.11.26"]
[SourceQuality "1"]

1. e4 Nf6 2. e5 Nd5 3. c4 Nb6 4. d4 d6 5. exd6 cxd6 6. Nc3 g6 7. Be3 Bg7 8. Rc1 0-0 9. b3 e5 10. dxe5 dxe5 11. Qxd8 Rxd8 12. c5 N6d7 13. Nb5 Nc6 14. Nd6 Nd4 15. Bc4 Nxc5 16. Nxf7 Nd3+ 17. Kf1 b5 18. Bxd3 Kxf7 19. Ne2 Nxb3 20. Rc7+ Kg8 21. Bc2 Nd4 22. Nxd4 exd4 23. Bb3+ Kh8 24. Bg5 Rd7 25. Rxd7 Bxd7 26. Ke2 Bf5 27. Kd2 h6 28. Bf4 g5 29. Bg3 Re8 30. Rc1 d3 31. Bd1 Bf8 32. Bh5 Bb4+ 0-1

[Event "Attica-ch U16"]
[Site "Athens"]
[Date "2008.01.03"]
[Round "2"]
[White "Tsokopoulos, Dedalos"]
[Black "Hambesis, Panagiotis"]
[Result "1-0"]
[WhiteElo "1665"]
[BlackElo "1340"]
[PlyCount "79"]
[EventDate "2008.01.02"]
[EventType "swiss"]
[EventRounds "7"]
[EventCountry "GRE"]
[SourceTitle "EXT 2011"]
[Source "ChessBase"]
[SourceDate "2010.11.26"]
[SourceVersion "1"]
[SourceVersionDate "2010.11.26"]
[SourceQuality "1"]

1. e4 e5 2. Nf3 Nc6 3. Bb5 a6 4. Ba4 b5 5. Bb3 Nf6 6. 0-0 d6 7. c3 Na5 8. Bc2 c5 9. h3 Be7 10. Re1 0-0 11. d4 exd4 12. cxd4 Bb7 13. Nbd2 c4 14. d5 Qc7 15. Nf1 Nd7 16. Ne3 Rfe8 17. Nf5 Bf8 18. Bd2 g6 19. Nh6+ Kg7 20. Bc3+ f6 21. Qd2 b4 22. Bxb4 c3 23. Bxc3 Nc4 24. Qf4 Nxb2 25. Bxb2 Qxc2 26. Rab1 Bxd5 27. exd5 Rxe1+ 28. Rxe1 Qxb2 29. Nd4 Nc5 30. Ng4 f5 31. Ne6+ Nxe6 32. dxe6 Be7 33. Qh6+ Kg8 34. Qf4 Rf8 35. Nh6+ Kg7 36. Nf7 d5 37. Qc7 Qf6 38. Ne5 Qxe6 39. Nf3 Rc8 40. Qb7 1-0

[Event "Athens Smaok-ch"]
[Site "Athens"]
[Date "2007.10.10"]
[Round "5.7"]
[White "Nikolaidis, Georgios"]
[Black "Tsokopoulos, Dedalos"]
[Result "0-1"]
[WhiteElo "1948"]
[BlackElo "1850"]
[PlyCount "120"]
[EventDate "2007.09.12"]
[EventType "swiss"]
[EventRounds "9"]
[EventCountry "GRE"]
[SourceTitle "EXT 2024"]
[Source "ChessBase"]
[SourceDate "2023.10.10"]
[SourceVersion "1"]
[SourceVersionDate "2023.10.10"]
[SourceQuality "1"]

1. Nf3 d5 2. c4 c6 3. e3 Nf6 4. b3 Bf5 5. cxd5 cxd5 6. Be2 Nbd7 7. d4 e6 8. 0-0 Bd6 9. Ba3 Bxa3 10. Nxa3 Rc8 11. Rc1 0-0 12. Nb5 Ne4 13. Nd2 Ndf6 14. Nxe4 Nxe4 15. f3 Rxc1 16. Qxc1 Nf6 17. Qa3 a6 18. Nd6 Qe7 19. Qc5 Nd7 20. Nxf5 Qxc5 21. dxc5 exf5 22. b4 a5 23. a3 axb4 24. axb4 Ra8 25. Rd1 Nf6 26. Rd2 Kf8 27. Kf2 Ke7 28. Bb5 g5 29. Ke2 Ra3 30. Rb2 h5 31. c6 bxc6 32. Bxc6 Kd6 33. Bb5 h4 34. Bd3 f4 35. exf4 gxf4 36. b5 Ra8 37. b6 Rb8 38. Rb4 Nd7 39. b7 Nc5 40. Bc2 Rxb7 41. Rxf4 Rb2 42. Kd2 Ke5 43. Rxh4 d4 44. Kc1 Ra2 45. Rh5+ Kd6 46. Kb1 Ra8 47. Be4 Nxe4 48. fxe4 Re8 49. Rd5+ Ke6 50. Rxd4 Ke5 51. Rd2 Rh8 52. h3 Kxe4 53. Kc2 f5 54. Re2+ Kf4 55. Kd3 Rd8+ 56. Kc4 Kg3 57. Kc5 f4 58. Kc6 Rd1 59. Re4 Rd2 60. Re8 Rxg2 0-1

[Event "Athens Smaok-ch"]
[Site "Athens"]
[Date "2007.09.26"]
[Round "3.6"]
[White "Tsokopoulos, Dedalos"]
[Black "Akrivos, Apostolos"]
[Result "1-0"]
[WhiteElo "1850"]
[BlackElo "1005"]
[PlyCount "53"]
[EventDate "2007.09.12"]
[EventType "swiss"]
[EventRounds "9"]
[EventCountry "GRE"]
[SourceTitle "EXT 2024"]
[Source "ChessBase"]
[SourceDate "2023.10.10"]
[SourceVersion "1"]
[SourceVersionDate "2023.10.10"]
[SourceQuality "1"]

1. e4 e5 2. Nf3 Nc6 3. Bb5 a6 4. Ba4 Nf6 5. 0-0 b5 6. Bb3 Be7 7. Re1 0-0 8. c3 d6 9. h3 Bb7 10. d4 Re8 11. Nbd2 Rc8 12. Nf1 Na5 13. Bc2 Bf8 14. Bg5 h6 15. Bh4 c5 16. d5 Be7 17. Ne3 Rf8 18. Nf5 g6 19. Nxh6+ Kg7 20. Qc1 Rh8 21. Bg5 Nc4 22. a4 Nb6 23. Nh4 Nh5 24. N6f5+ gxf5 25. Nxf5+ Kg8 26. Bxe7 Qd7 27. Qg5+ 1-0

[Event "Athens Siaperas Memorial 3rd"]
[Site "Athens"]
[Date "2007.03.03"]
[Round "7"]
[White "Tsokopoulos, Dedalos"]
[Black "Koerant, Filipos"]
[Result "0-1"]
[WhiteElo "1797"]
[BlackElo "2107"]
[PlyCount "74"]
[EventDate "2007.02.10"]
[EventType "swiss"]
[EventRounds "7"]
[EventCountry "GRE"]
[SourceTitle "EXT 2008"]
[Source "ChessBase"]
[SourceDate "2007.11.25"]
[SourceVersion "1"]
[SourceVersionDate "2007.11.25"]
[SourceQuality "1"]

1. e4 d5 2. exd5 Qxd5 3. Nc3 Qd6 4. d4 Nf6 5. Nf3 a6 6. Be3 b5 7. Qd2 Bb7 8. 0-0-0 e6 9. Bd3 Nbd7 10. Kb1 Be7 11. Rhe1 0-0 12. Ne5 Nxe5 13. dxe5 Qxe5 14. Bf4 Qc5 15. Re5 Qb6 16. g4 Nxg4 17. Rh5 g6 18. Rh3 b4 19. Ne2 f5 20. f3 Nf2 21. Be3 Bc5 22. Bxf2 Bxf2 23. Qh6 Rf7 24. Bc4 Be3 25. f4 Re8 26. Rg3 Qc6 27. b3 Bc5 28. h4 Bf8 29. Qg5 Rd7 30. Rxd7 Qxd7 31. h5 Qd1+ 32. Nc1 Bg7 33. hxg6 h6 34. Qh4 Qd4 35. c3 Be4+ 36. Nd3 Qxc3 37. Bxe6+ Kh8 0-1

[Event "Athens Siaperas Memorial 3rd"]
[Site "Athens"]
[Date "2007.02.24"]
[Round "5"]
[White "Skalkotas, Nikolaos"]
[Black "Tsokopoulos, Dedalos"]
[Result "1-0"]
[WhiteElo "2288"]
[BlackElo "1797"]
[PlyCount "65"]
[EventDate "2007.02.10"]
[EventType "swiss"]
[EventRounds "7"]
[EventCountry "GRE"]
[SourceTitle "EXT 2008"]
[Source "ChessBase"]
[SourceDate "2007.11.25"]
[SourceVersion "1"]
[SourceVersionDate "2007.11.25"]
[SourceQuality "1"]

1. c4 Nf6 2. Nc3 g6 3. e4 d6 4. d4 Bg7 5. f3 0-0 6. Bg5 c6 7. Qd2 Re8 8. h4 a6 9. h5 Nxh5 10. Nge2 b5 11. Bh6 Bh8 12. cxb5 axb5 13. Rxh5 b4 14. Nd1 e5 15. Rh1 exd4 16. Nxd4 d5 17. Nb3 Qe7 18. Bg5 Qe6 19. Bf4 Qe7 20. Nf2 f5 21. Be2 fxe4 22. fxe4 dxe4 23. Be3 Be6 24. Nc5 Rxa2 25. Rxa2 Bxa2 26. Qxb4 Qe5 27. Bc4+ Bxc4 28. Qxc4+ Qd5 29. b3 Bg7 30. Ke2 Kh8 31. Rh4 Qe5 32. Qc2 Qg3 33. Rg4 1-0

[Event "Athens Siaperas Memorial 3rd"]
[Site "Athens"]
[Date "2007.02.12"]
[Round "1"]
[White "Tsokopoulos, Dedalos"]
[Black "Klokas, Konstantinos"]
[Result "1-0"]
[WhiteElo "1797"]
[BlackElo "2228"]
[PlyCount "49"]
[EventDate "2007.02.10"]
[EventType "swiss"]
[EventRounds "7"]
[EventCountry "GRE"]
[SourceTitle "EXT 2008"]
[Source "ChessBase"]
[SourceDate "2007.11.25"]
[SourceVersion "1"]
[SourceVersionDate "2007.11.25"]
[SourceQuality "1"]

1. e4 c5 2. Nf3 Nc6 3. d4 cxd4 4. Nxd4 Nf6 5. Nc3 e5 6. Ndb5 d6 7. Bg5 a6 8. Na3 b5 9. Bxf6 gxf6 10. Nd5 Bg7 11. c4 b4 12. Nc2 a5 13. Bd3 0-0 14. Nce3 Nd4 15. Qh5 Re8 16. Rd1 a4 17. 0-0 b3 18. a3 f5 19. f4 Ra5 20. fxe5 dxe5 21. exf5 f6 22. Ng4 Rf8 23. Nxe5 Rxd5 24. cxd5 fxe5 25. f6 1-0

[Event "Chalkidiki op-A 2nd"]
[Site "Kallithea"]
[Date "2006.04.28"]
[Round "5"]
[White "Tsokopoulos, Dedalos"]
[Black "Scurhan, Gheorghe"]
[Result "0-1"]
[WhiteElo "1838"]
[BlackElo "2112"]
[PlyCount "112"]
[EventDate "2006.04.25"]
[EventType "swiss"]
[EventRounds "9"]
[EventCountry "GRE"]
[SourceTitle "CBM 112 Extra"]
[Source "ChessBase"]
[SourceDate "2006.07.14"]
[SourceVersion "1"]
[SourceVersionDate "2006.07.14"]
[SourceQuality "1"]

1. e4 c5 2. Nf3 Nc6 3. d4 cxd4 4. Nxd4 g6 5. c4 Bg7 6. Be3 Nf6 7. Nc3 Ng4 8. Qxg4 Nxd4 9. Bxd4 Bxd4 10. Qd1 Bxc3+ 11. bxc3 Qa5 12. Qd2 b6 13. Be2 Bb7 14. f3 Qc5 15. Qd4 e5 16. Qxc5 bxc5 17. 0-0 Ke7 18. Bd1 f5 19. exf5 gxf5 20. Bc2 Raf8 21. Rfe1 d6 22. Rab1 Bc6 23. Rbd1 Rhg8 24. Kf1 h5 25. Rd2 Rf6 26. Rb1 h4 27. h3 Rc8 28. a4 Rff8 29. a5 Rc7 30. a6 Bd7 31. Bd1 Bc8 32. Ra2 Rc6 33. Be2 Kd8 34. Rb8 Rf7 35. Ke1 Rfc7 36. Bd3 Ke7 37. Kf2 Kf6 38. g4 hxg3+ 39. Kxg3 Rg7+ 40. Kh2 Rcc7 41. Rg2 Rh7 42. Rg8 Bxa6 43. Rbf8+ Rhf7 44. Rd8 Bb7 45. Rxd6+ Ke7 46. Rgg6 Bxf3 47. Rge6+ Kf8 48. Bxf5 Rxf5 49. Rf6+ Rxf6 50. Rxf6+ Rf7 51. Rg6 e4 52. h4 e3 53. Re6 Re7 54. Rf6+ Kg7 55. Rxf3 e2 56. Rg3+ Kh6 0-1

[Event "Athens Siaperas Memorial 2nd"]
[Site "Athens"]
[Date "2006.03.01"]
[Round "4"]
[White "Tsokopoulos, Dedalos"]
[Black "Kostouros, Alexandros"]
[Result "0-1"]
[WhiteElo "1808"]
[BlackElo "2171"]
[PlyCount "50"]
[EventDate "2006.02.18"]
[EventType "swiss"]
[EventRounds "5"]
[EventCountry "GRE"]
[SourceTitle "EXT 2024"]
[Source "ChessBase"]
[SourceDate "2023.10.10"]
[SourceVersion "1"]
[SourceVersionDate "2023.10.10"]
[SourceQuality "1"]

1. Nf3 d5 2. g3 c5 3. Bg2 Nc6 4. b3 e5 5. d3 f5 6. Bb2 Bd6 7. 0-0 Nf6 8. Re1 0-0 9. e3 Qc7 10. c4 d4 11. exd4 exd4 12. a3 a5 13. a4 f4 14. Na3 fxg3 15. hxg3 Bg4 16. Nb5 Qd7 17. Nxd6 Qxd6 18. Qd2 Bxf3 19. Bxf3 Ne5 20. Bg2 Nfg4 21. Re2 Qg6 22. Be4 Nf3+ 23. Bxf3 Rxf3 24. Qd1 Raf8 25. Re4 Nxf2 0-1

[Event "Ambelokipi op 68th"]
[Site "Athens"]
[Date "2006.01.21"]
[Round "1"]
[White "Tsokopoulos, Dedalos"]
[Black "Himaras, Stefanos"]
[Result "1/2-1/2"]
[WhiteElo "1808"]
[BlackElo "2218"]
[PlyCount "123"]
[EventDate "2006.01.29"]
[EventType "swiss"]
[EventRounds "6"]
[EventCountry "GRE"]
[SourceTitle "EXT 2007"]
[Source "ChessBase"]
[SourceDate "2006.11.23"]
[SourceVersion "1"]
[SourceVersionDate "2006.11.23"]
[SourceQuality "1"]

1. Nf3 Nf6 2. b3 g6 3. Bb2 Bg7 4. e3 0-0 5. Be2 c5 6. c4 Nc6 7. d3 b6 8. Nbd2 Bb7 9. 0-0 d5 10. d4 cxd4 11. exd4 Rc8 12. Re1 Ne8 13. Nf1 Rc7 14. Qd2 Nf6 15. cxd5 Nxd5 16. Ne3 e6 17. Nxd5 Qxd5 18. Bc4 Qd6 19. Rad1 Ne7 20. Ne5 Nd5 21. Bxd5 Qxd5 22. f3 Rfc8 23. Rc1 Rxc1 24. Rxc1 Bxe5 25. Rxc8+ Bxc8 26. Qc3 Bxd4+ 27. Qxd4 Qxd4+ 28. Bxd4 Kf8 29. Bf6 Ke8 30. Kf2 Kd7 31. Ke3 Bb7 32. Kd4 Bd5 33. Ke3 a5 34. Bc3 Kd6 35. g3 e5 36. f4 exf4+ 37. Kxf4 Kc6 38. Ke5 Be6 39. Kd4 Kb5 40. Kd3 Bf5+ 41. Kd2 Be6 42. Kd3 a4 43. Kc2 axb3+ 44. axb3 Kc5 45. Be1 Kd5 46. Kd3 Ke5 47. b4 b5 48. Ke3 Kf5 49. h4 f6 50. Kf2 g5 51. hxg5 Kxg5 52. Bd2+ Kg4 53. Bh6 Kh5 54. Bf4 Kg6 55. Bd6 h5 56. Kf3 Kf5 57. Bc5 Bd5+ 58. Kf2 Kg4 59. Bf8 f5 60. Bd6 Bc4 61. Be5 h4 62. gxh4 1/2-1/2